000 00519cam a2200193ua 4500
001 10181
008 160304n II |||gr||||Z||||||asm
040 _aMAIN
041 _aEnglish
082 _a330 GOS
100 _aGOSWAMI, KALI PRASAD (AHSEC).
245 _aUCHATTAR MADHYAMIK ARTHANITI PRABESHIKA (H.S.1st Yr)
250 _a1st--1994.
260 _aGUWAHATI:
_bPURBANCHAL PRAKASH,
_c1994.
300 _a229:
_c20CM.
653 _aEconomics
700 _aGOSWAMI, KALI PRASAD (AHSEC).,
_eAuthor.
942 _cBK
999 _c10152
_d10152